• 首页
  • 本馆介绍
  • 公告通知
  • 最新文献
  • 馆藏检索
  • 电子资源
  • 读者导购
  • 参考咨询
  • 我的图书馆
  • 登录
  • 详细信息显示
  • 放入我的书架
  • 预约/预借图书
  • 作者相关作品
  • 分类相关作品
  • 丛书相关作品
  • 出版社相关作品

书目信息

  • 表格格式
  • 工作单格式
  • 卡片格式
题名:
动漫艺术与思维创新
    
 
作者: 杨媛 著
分册:  
出版信息: 长春   吉林美术出版社  2019
页数: 126页
开本: 24cm
丛书名:
单 册:
中图分类: J218.7
科图分类:
主题词: 动画--dong hua--设计--研究
电子资源:
ISBN: 978-7-5575-4122-4
000 01138nam0 2200253 450
001 012001006489
005 20131101164114.0
010    @a978-7-5575-4122-4@dCNY36.00
099    @aCAL 012019030031
100    @a20190308d2019 em y0chiy50 ea
101 0  @achi
102    @aCN@b220000
105    @aa a 000yy
106    @ar
200 1  @a动漫艺术与思维创新@Adong man yi shu yu si wei chuang xin@f杨媛著
210    @a长春@c吉林美术出版社@d2019
215    @a126页@c图@d24cm
320    @a有书目 (第125-126页)
330    @a本书主要讲述了动漫的历史, 动漫技术与制作流程, 包括动漫技术、动漫制作流程、偶类动画制作流程 ; 动漫软件, 新媒体动漫, 包括概念、分类等 ; 动漫产业, 动漫衍生品, 动漫衍生品的开发与创新, 新媒体推动下的动漫衍生品发展方向, 包括新媒体动漫衍生品的设计、手机动漫主题设计要素等 ; 动漫专业学生创新意识培养以及推进教学改革, 转变动漫“创新”人才培养思路和拓展教学思路, 注重对学生进行创造性思维的训练等内容 ; 对中国动漫业创新升级问题和对策也进行了讲述。
606 0  @a动画@Adong hua@x设计@x研究
690    @aJ218.7@v5
701  0 @a杨媛@Ayang yuan@4著
801  0 @aCN@b上海新华@c20191020
905    @b1131702-5@dJ218.7@e1057@f4
    
    动漫艺术与思维创新/杨媛著.-长春:吉林美术出版社,2019
    126页:图;24cm
    
    
    ISBN 978-7-5575-4122-4:CNY36.00
    本书主要讲述了动漫的历史, 动漫技术与制作流程, 包括动漫技术、动漫制作流程、偶类动画制作流程 ; 动漫软件, 新媒体动漫, 包括概念、分类等 ; 动漫产业, 动漫衍生品, 动漫衍生品的开发与创新, 新媒体推动下的动漫衍生品发展方向, 包括新媒体动漫衍生品的设计、手机动漫主题设计要素等 ; 动漫专业学生创新意识培养以及推进教学改革, 转变动漫“创新”人才培养思路和拓展教学思路, 注重对学生进行创造性思维的训练等内容 ; 对中国动漫业创新升级问题和对策也进行了讲述。
●
相关链接 在E读中查询图书 在五车中查询图书 在当当中查询图书 在豆瓣中查询图书


正题名:动漫艺术与思维创新     索取号:J218.7/1057         预约/预借

序号 登录号 条形码 馆藏地/架位号 状态 备注
1 1131702   211317029   第一样本阅览室/ [索取号:J218.7/1057] 在馆    
2 1131703   211317038   第一借阅区/ [索取号:J218.7/1057] 在馆    
3 1131704   211317047   第一借阅区/ [索取号:J218.7/1057] 在馆    
4 1131705   211317056   第一借阅区/ [索取号:J218.7/1057] 在馆    
唐山师范学院图书馆 欢迎您!
大连网信软件有限公司© 版权所有